Biggest cities in each English County - Statistics

General Stats
  • This quiz has been taken 1,224 times
    1,153 since last reset
  • The average score is 29 of 48
Answer Stats
County City Population % Correct
City of London City of London 8,072
96%
Greater London London 8,673,713
96%
Greater Manchester Manchester 2,053,379
94%
Bristol Bristol 449,300
93%
Merseyside Liverpool 864,122
91%
Oxfordshire Oxford 171,380
89%
West Midlands Birmingham 2,440,986
86%
West Yorkshire Leeds 1,777,934
86%
Tyne and Wear Newcastle upon Tyne 879,996
86%
Nottinghamshire Nottingham 729,977
85%
Leicestershire Leicester 508,916
84%
Derbyshire Derby 236,300
82%
Lincolnshire Lincoln 130,200
80%
Norfolk Norwich 213,166
80%
North Yorkshire York 153,717
78%
Northamptonshire Northampton 212,100
77%
South Yorkshire Sheffield 640,720
77%
Hampshire Southampton 855,569
77%
Gloucestershire Gloucester 125,649
76%
East Sussex Brighton 281,076
74%
Devon Plymouth 261,546
74%
East Riding of Yorkshire Kingston upon Hull 573,200
70%
Worcestershire Worcester 101,328
70%
Herefordshire Hereford 55,800
67%
Berkshire Reading 155,700
63%
Cumbria Carlisle 100,739
61%
Suffolk Ipswich 180,000
61%
Dorset Bournemouth 183,491
54%
Staffordshire Stoke-on-Trent 372,775
53%
Bedfordshire Luton 206,850
52%
Lancashire Blackpool 142,065
50%
Cambridgeshire Peterborough 190,461
47%
Somerset Bath 88,859
43%
Essex Colchester 180,420
43%
Buckinghamshire Milton Keynes 229,941
42%
Wiltshire Swindon 209,156
40%
Hertfordshire Watford 90,301
33%
Surrey Guildford 137,200
32%
Shropshire Telford 148,719
29%
Cheshire Warrington 165,456
27%
Durham Darlington 105,564
25%
Rutland Oakham 10,922
24%
West Sussex Crawley 109,883
22%
Kent Gillingham 104,157
22%
Isle of Wight Ryde 30,000
22%
Cornwall Falmouth 26,767
20%
Northumberland Morpeth 14,017
16%
Warwickshire Nuneaton 81,877
14%
No matching quizzes found
Score Distribution
Percent of People with Each Score
Percentile by Number Answered
Your Score History
You have not taken this quiz since the last reset